[Event "Bundesliga 9900"]
[Site "Deutschland"]
[Date "2000.03.13"]
[Round "13.5"]
[White "Holzke, Frank"]
[Black "Schandorff, Lars"]
[Result "1/2-1/2"]
[WhiteElo "2461"]
[BlackElo "2511"]
[PlyCount "101"]
[EventDate "1999.10.09"]
[EventType "team"]
[EventRounds "15"]
[EventCountry "GER"]
[SourceTitle "Bundesliga 9900"]
[Source "DeepChess"]
[SourceDate "2005.01.01"]
[SourceVersion "1"]
[SourceVersionDate "2005.01.01"]
[SourceQuality "1"]
[WhiteTeam "SV Wattenscheid 1930"]
[BlackTeam "SAbt SV Werder Bremen"]
[WhiteTeamCountry "GER"]
[BlackTeamCountry "GER"]

1. e4 c5 2. Nf3 Nc6 3. d4 cxd4 4. Nxd4 Nf6 5. Nc3 e5 6. Ndb5 d6 7. Bg5 a6 8.
Na3 b5 9. Bxf6 gxf6 10. Nd5 f5 11. Bd3 Be6 12. O-O Bxd5 13. exd5 Ne7 14. c3 Bg7
15. Qh5 e4 16. Bc2 O-O 17. Rad1 Rc8 18. Bb3 Qd7 19. Nc2 a5 20. a3 Ng6 21. Nd4
a4 22. Bc2 Bxd4 23. Rxd4 Rfe8 24. Kh1 Re5 25. f4 exf3 26. Qxf3 Rce8 27. h4 f4
28. Bxg6 hxg6 29. Rxf4 Re3 30. Qg4 Qxg4 31. Rxg4 Rd3 32. c4 bxc4 33. Rxc4 Rxd5
34. Rxa4 Re7 35. Rff4 Rd2 36. Rab4 Re1+ 37. Kh2 Ree2 38. Rb8+ Kg7 39. Rb7 Rxg2+
40. Kh1 Rh2+ 41. Kg1 Rdg2+ 42. Kf1 Rxb2 43. Rfxf7+ Kg8 44. Rxb2 Rxb2 45. Rf4
Kg7 46. Ke1 Ra2 47. a4 Kh6 48. Rd4 g5 49. Rxd6+ Kh5 50. hxg5 Rxa4 51. g6
1/2-1/2

[Event "Bundesliga 9900"]
[Site "Deutschland"]
[Date "2000.03.13"]
[Round "13.6"]
[White "Heissler, Jakob"]
[Black "Ellers, Holger"]
[Result "1-0"]
[WhiteElo "2447"]
[BlackElo "2430"]
[PlyCount "87"]
[EventDate "1999.10.09"]
[EventType "team"]
[EventRounds "15"]
[EventCountry "GER"]
[SourceTitle "Bundesliga 9900"]
[Source "DeepChess"]
[SourceDate "2005.01.01"]
[SourceVersion "1"]
[SourceVersionDate "2005.01.01"]
[SourceQuality "1"]
[WhiteTeam "SAbt SV Werder Bremen"]
[BlackTeam "SV Wattenscheid 1930"]
[WhiteTeamCountry "GER"]
[BlackTeamCountry "GER"]

1. e4 e6 2. d3 d5 3. Nd2 Nf6 4. c3 b6 5. Ngf3 Be7 6. Be2 O-O 7. O-O Ba6 8. Re1
dxe4 9. dxe4 Qc8 10. e5 Nfd7 11. Nc4 Bb7 12. Qc2 Re8 13. Bf4 a5 14. Rad1 Nf8
15. h4 Na6 16. h5 Nc5 17. h6 Ng6 18. Qc1 b5 19. Na3 b4 20. Nb5 Ba6 21. hxg7
Bxb5 22. Bxb5 c6 23. Bc4 bxc3 24. bxc3 Qc7 25. Bg5 Red8 26. Bxe7 Qxe7 27. Qh6
f6 28. Rxd8+ Rxd8 29. exf6 Qxf6 30. Ng5 Qxg7 31. Qxg7+ Kxg7 32. Nxe6+ Nxe6 33.
Rxe6 Rc8 34. g3 Rc7 35. f4 Ne7 36. Bb3 Nf5 37. Kf2 h5 38. Re5 Kf6 39. Bc2 Ng7
40. Rxa5 Rb7 41. Be4 Rb2+ 42. Kf3 c5 43. Bd5 Nf5 44. Rxc5 1-0

[Event "Bundesliga 9900"]
[Site "Deutschland"]
[Date "2000.03.13"]
[Round "13.7"]
[White "Straeter, Timo"]
[Black "Meins, Gerlef"]
[Result "0-1"]
[WhiteElo "2343"]
[BlackElo "2414"]
[PlyCount "48"]
[EventDate "1999.10.09"]
[EventType "team"]
[EventRounds "15"]
[EventCountry "GER"]
[SourceTitle "Bundesliga 9900"]
[Source "DeepChess"]
[SourceDate "2005.01.01"]
[SourceVersion "1"]
[SourceVersionDate "2005.01.01"]
[SourceQuality "1"]
[WhiteTeam "SV Wattenscheid 1930"]
[BlackTeam "SAbt SV Werder Bremen"]
[WhiteTeamCountry "GER"]
[BlackTeamCountry "GER"]

1. Nf3 d5 2. d4 Nf6 3. Bf4 c5 4. dxc5 Na6 5. e3 Nxc5 6. Nc3 a6 7. Be2 e6 8. O-O
Be7 9. Ne5 O-O 10. Bf3 Qe8 11. Qd4 Nfd7 12. b4 Nxe5 13. Bxe5 f6 14. Bg3 Na4 15.
a3 Nxc3 16. Qxc3 Bd7 17. Rfd1 Rc8 18. Qd4 Rc4 19. Qd3 Ba4 20. Bxd5 exd5 21.
Qxd5+ Qf7 22. Qxb7 Qe6 23. Kh1 Bc6 24. Qa7 Ra8 0-1

[Event "Bundesliga 9900"]
[Site "Deutschland"]
[Date "2000.03.13"]
[Round "13.8"]
[White "Meyer, Claus Dieter"]
[Black "Thiel, Thomas"]
[Result "1-0"]
[WhiteElo "2313"]
[BlackElo "2323"]
[PlyCount "61"]
[EventDate "1999.10.09"]
[EventType "team"]
[EventRounds "15"]
[EventCountry "GER"]
[SourceTitle "Bundesliga 9900"]
[Source "DeepChess"]
[SourceDate "2005.01.01"]
[SourceVersion "1"]
[SourceVersionDate "2005.01.01"]
[SourceQuality "1"]
[WhiteTeam "SAbt SV Werder Bremen"]
[BlackTeam "SV Wattenscheid 1930"]
[WhiteTeamCountry "GER"]
[BlackTeamCountry "GER"]

1. e4 c5 2. Nf3 g6 3. d4 cxd4 4. Qxd4 Nf6 5. Bb5 Bg7 6. e5 Ng8 7. O-O Nc6 8.
Bxc6 dxc6 9. Qh4 Bf5 10. Nc3 h6 11. Qa4 Qc8 12. Bf4 g5 13. Bg3 Bg4 14. Nd4 h5
15. h3 Bd7 16. e6 fxe6 17. Nf3 Bf6 18. Qe4 h4 19. Bh2 Kf8 20. Ne5 Bxe5 21. Qxe5
Nf6 22. Ne4 Rh6 23. Nxg5 Qe8 24. Rad1 Qg6 25. Rd3 Qf5 26. Rfd1 Ke8 27. Nf3 c5
28. Qc7 Bc6 29. Rd8+ Rxd8 30. Rxd8+ Kf7 31. Ne5+ 1-0

[Event "Bundesliga 9900"]
[Site "Deutschland"]
[Date "2000.03.13"]
[Round "13.1"]
[White "Movsesian, Sergei"]
[Black "Lutz, Christopher"]
[Result "1/2-1/2"]
[WhiteElo "2659"]
[BlackElo "2591"]
[PlyCount "29"]
[EventDate "1999.10.09"]
[EventType "team"]
[EventRounds "15"]
[EventCountry "GER"]
[SourceTitle "Bundesliga 9900"]
[Source "DeepChess"]
[SourceDate "2005.01.01"]
[SourceVersion "1"]
[SourceVersionDate "2005.01.01"]
[SourceQuality "1"]
[WhiteTeam "SF Neukoelln 03 e.V."]
[BlackTeam "SG Porz e.V."]
[WhiteTeamCountry "GER"]
[BlackTeamCountry "GER"]

1. Nf3 d5 2. g3 c6 3. Bg2 Bg4 4. O-O Nd7 5. d3 Ngf6 6. Qe1 e5 7. e4 dxe4 8.
dxe4 Be7 9. Nbd2 O-O 10. h3 Bxf3 11. Nxf3 Re8 12. Qe2 Qc7 13. Nh2 Nc5 14. Kh1
g6 15. Bd2 1/2-1/2

[Event "Bundesliga 9900"]
[Site "Deutschland"]
[Date "2000.03.13"]
[Round "13.2"]
[White "Van Wely, Loek"]
[Black "Bunzmann, Dimitrij"]
[Result "1-0"]
[WhiteElo "2629"]
[BlackElo "2596"]
[PlyCount "27"]
[EventDate "1999.10.09"]
[EventType "team"]
[EventRounds "15"]
[EventCountry "GER"]
[SourceTitle "Bundesliga 9900"]
[Source "DeepChess"]
[SourceDate "2005.01.01"]
[SourceVersion "1"]
[SourceVersionDate "2005.01.01"]
[SourceQuality "1"]
[WhiteTeam "SG Porz e.V."]
[BlackTeam "SF Neukoelln 03 e.V."]
[WhiteTeamCountry "GER"]
[BlackTeamCountry "GER"]

1. d4 Nf6 2. c4 e6 3. Nc3 Bb4 4. Qc2 c5 5. dxc5 Bxc3+ 6. Qxc3 Ne4 7. Qxg7 Qa5+
8. Kd1 Nxf2+ 9. Kc2 Rf8 10. Be3 Nxh1 11. Nf3 b6 12. Ne5 f5 13. Bg5 Qxc5 14.
Qxh7 1-0

[Event "Bundesliga 9900"]
[Site "Deutschland"]
[Date "2000.03.13"]
[Round "13.3"]
[White "Stohl, Igor"]
[Black "Timman, Jan H"]
[Result "1/2-1/2"]
[WhiteElo "2600"]
[BlackElo "2650"]
[PlyCount "39"]
[EventDate "1999.10.09"]
[EventType "team"]
[EventRounds "15"]
[EventCountry "GER"]
[SourceTitle "Bundesliga 9900"]
[Source "DeepChess"]
[SourceDate "2005.01.01"]
[SourceVersion "1"]
[SourceVersionDate "2005.01.01"]
[SourceQuality "1"]
[WhiteTeam "SF Neukoelln 03 e.V."]
[BlackTeam "SG Porz e.V."]
[WhiteTeamCountry "GER"]
[BlackTeamCountry "GER"]

1. Nf3 Nf6 2. g3 c5 3. Bg2 d5 4. c4 Nc6 5. cxd5 Nxd5 6. d4 cxd4 7. Nxd4 Ndb4 8.
Nxc6 Qxd1+ 9. Kxd1 Nxc6 10. Bxc6+ bxc6 11. Nc3 e5 12. Be3 Bb4 13. Kd2 O-O 14.
Rhc1 Be6 15. a3 Be7 16. Na4 Rfb8 17. Bc5 Bg5+ 18. Be3 Be7 19. Bc5 Bg5+ 20. Be3
1/2-1/2

[Event "Bundesliga 9900"]
[Site "Deutschland"]
[Date "2000.03.13"]
[Round "13.4"]
[White "Sokolov, Ivan"]
[Black "Berndt, Stephan"]
[Result "1-0"]
[WhiteElo "2665"]
[BlackElo "2500"]
[PlyCount "113"]
[EventDate "1999.10.09"]
[EventType "team"]
[EventRounds "15"]
[EventCountry "GER"]
[SourceTitle "Bundesliga 9900"]
[Source "DeepChess"]
[SourceDate "2005.01.01"]
[SourceVersion "1"]
[SourceVersionDate "2005.01.01"]
[SourceQuality "1"]
[WhiteTeam "SG Porz e.V."]
[BlackTeam "SF Neukoelln 03 e.V."]
[WhiteTeamCountry "GER"]
[BlackTeamCountry "GER"]

1. d4 Nf6 2. Nf3 g6 3. Bg5 Bg7 4. c3 d5 5. e3 O-O 6. Nbd2 Nbd7 7. Be2 Re8 8.
O-O e5 9. b4 h6 10. Bh4 e4 11. Ne1 Nf8 12. c4 g5 13. Bg3 Ng6 14. Rc1 Re7 15. b5
g4 16. cxd5 h5 17. Qc2 Nxd5 18. Bc4 h4 19. Bxd5 Qxd5 20. Bxc7 Qxb5 21. Bd6 Re8
22. Qb3 Bd7 23. Nc2 Rac8 24. Na3 Qa6 25. Rxc8 Bxc8 26. Qb5 Qxb5 27. Nxb5 a6 28.
Nc7 Rd8 29. Bb4 Bf5 30. Nc4 Bf8 31. Bxf8 Kxf8 32. Rc1 Ne7 33. a4 h3 34. g3 Nc6
35. d5 Nb4 36. Nb6 a5 37. Rc5 Rd6 38. Nc4 Rd7 39. Ne5 Rd8 40. Rxa5 Be6 41. Ng6+
Kg8 42. Nf4 Bd7 43. Kf1 Kf8 44. Ra7 Nd3 45. Nxd3 exd3 46. Ke1 Ke7 47. Rxb7 Kd6
48. Nb5+ Kxd5 49. Nc3+ Kc4 50. Kd2 Be6 51. Rb6 Ra8 52. Rb1 Ra5 53. Rb7 Ra8 54.
Nd1 Kc5 55. Nb2 Kd6 56. Rb4 Bd7 57. Kxd3 1-0

[Event "Bundesliga 9900"]
[Site "Deutschland"]
[Date "2000.03.13"]
[Round "13.5"]
[White "Brynell, Stellan"]
[Black "Vaganian, Rafael A"]
[Result "0-1"]
[WhiteElo "2485"]
[BlackElo "2615"]
[PlyCount "88"]
[EventDate "1999.10.09"]
[EventType "team"]
[EventRounds "15"]
[EventCountry "GER"]
[SourceTitle "Bundesliga 9900"]
[Source "DeepChess"]
[SourceDate "2005.01.01"]
[SourceVersion "1"]
[SourceVersionDate "2005.01.01"]
[SourceQuality "1"]
[WhiteTeam "SF Neukoelln 03 e.V."]
[BlackTeam "SG Porz e.V."]
[WhiteTeamCountry "GER"]
[BlackTeamCountry "GER"]

1. e4 e6 2. d4 d5 3. Nd2 c5 4. Ngf3 Nc6 5. exd5 exd5 6. Bb5 Bd6 7. dxc5 Bxc5 8.
O-O Nge7 9. Nb3 Bd6 10. Re1 O-O 11. Bg5 Bg4 12. Be2 h6 13. Bh4 Re8 14. c3 Qb6
15. Nfd4 Bxe2 16. Rxe2 Nxd4 17. Nxd4 Nc6 18. Nf5 Be5 19. Rd2 Re6 20. Ne3 d4 21.
cxd4 Bxd4 22. Nd5 Qc5 23. Ne7+ Nxe7 24. Rxd4 Re8 25. Ra4 Qb6 26. Qb3 Qxb3 27.
axb3 Nf5 28. Rf1 Rb6 29. Bg3 a6 30. b4 Re2 31. Rb1 Nxg3 32. hxg3 Rf6 33. f3 Rd6
34. b5 Rdd2 35. bxa6 Rxg2+ 36. Kh1 bxa6 37. Rxa6 Rh2+ 38. Kg1 Rdg2+ 39. Kf1
Rxg3 40. Ra8+ Kh7 41. Raa1 h5 42. b4 h4 43. b5 h3 44. Rb4 Rh1+ 0-1

[Event "Bundesliga 9900"]
[Site "Deutschland"]
[Date "2000.03.13"]
[Round "13.6"]
[White "Andersson, Ulf"]
[Black "Polzin, Rainer"]
[Result "1/2-1/2"]
[WhiteElo "2620"]
[BlackElo "2475"]
[PlyCount "82"]
[EventDate "1999.10.09"]
[EventType "team"]
[EventRounds "15"]
[EventCountry "GER"]
[SourceTitle "Bundesliga 9900"]
[Source "DeepChess"]
[SourceDate "2005.01.01"]
[SourceVersion "1"]
[SourceVersionDate "2005.01.01"]
[SourceQuality "1"]
[WhiteTeam "SG Porz e.V."]
[BlackTeam "SF Neukoelln 03 e.V."]
[WhiteTeamCountry "GER"]
[BlackTeamCountry "GER"]

1. d4 Nf6 2. Nf3 g6 3. c4 Bg7 4. g3 O-O 5. Bg2 d6 6. Nc3 Nbd7 7. O-O e5 8. e4
exd4 9. Nxd4 Re8 10. h3 a6 11. Re1 Rb8 12. Rb1 Nc5 13. b4 Ne6 14. Be3 Bd7 15.
Rc1 Qc8 16. Kh2 h5 17. Nf3 Nd8 18. c5 dxc5 19. Bxc5 Ne6 20. Be3 Bc6 21. Qc2 Nf8
22. Bf4 Ne6 23. Be3 Nf8 24. Bd2 Re7 25. Bg5 N8h7 26. Bf4 Qe8 27. Qb3 h4 28.
gxh4 Nh5 29. Bg3 N7f6 30. Nd5 Rxe4 31. Nxc7 Qf8 32. Rxe4 Nxe4 33. Rxc6 bxc6 34.
Ne6 Rxb4 35. Nxf8 Rxb3 36. axb3 Nhxg3 37. fxg3 Kxf8 38. Bf1 a5 39. Kg2 Ke7 40.
Bc4 Nd6 41. Bd3 Bf6 1/2-1/2

[Event "Bundesliga 9900"]
[Site "Deutschland"]
[Date "2000.03.13"]
[Round "13.7"]
[White "Rudolf, Henrik"]
[Black "Hansen, Curt"]
[Result "1-0"]
[WhiteElo "2344"]
[BlackElo "2607"]
[PlyCount "129"]
[EventDate "1999.10.09"]
[EventType "team"]
[EventRounds "15"]
[EventCountry "GER"]
[SourceTitle "Bundesliga 9900"]
[Source "DeepChess"]
[SourceDate "2005.01.01"]
[SourceVersion "1"]
[SourceVersionDate "2005.01.01"]
[SourceQuality "1"]
[WhiteTeam "SF Neukoelln 03 e.V."]
[BlackTeam "SG Porz e.V."]
[WhiteTeamCountry "GER"]
[BlackTeamCountry "GER"]

1. e4 c5 2. Nf3 e6 3. d4 cxd4 4. Nxd4 Nc6 5. Nc3 Qc7 6. Be2 a6 7. O-O Nf6 8.
Be3 Bb4 9. Na4 O-O 10. c4 Bd6 11. g3 Nxe4 12. c5 Be7 13. Bf3 Nf6 14. Nb6 Ra7
15. Rc1 g6 16. Re1 Ne8 17. b4 Ng7 18. Bf4 Qd8 19. Qd2 Bf6 20. Nb3 Nf5 21. g4
Nh4 22. Bh1 d5 23. cxd6 Qxb6 24. Be3 Qd8 25. Rxc6 bxc6 26. Bxa7 e5 27. h3 Be6
28. Be3 h5 29. Nc5 Bd5 30. Bxd5 cxd5 31. Qxd5 hxg4 32. hxg4 Bg5 33. Rf1 Bxe3
34. fxe3 Qg5 35. Qe4 Nf5 36. d7 Ng3 37. Qf3 Nxf1 38. Kxf1 Kg7 39. Qe4 Qf6+ 40.
Ke2 Rh8 41. Qd5 e4 42. Nxe4 Qb2+ 43. Kd3 Rd8 44. Nc5 Qa3+ 45. Qb3 Qxb3+ 46.
axb3 Kf6 47. Kd4 Kg5 48. Kd5 Kxg4 49. Kd6 g5 50. Ke7 Ra8 51. d8=Q Rxd8 52. Kxd8
Kf3 53. Nxa6 g4 54. b5 g3 55. b6 g2 56. b7 g1=Q 57. b8=Q Qg5+ 58. Kc7 Qe5+ 59.
Kb7 Qb5+ 60. Ka7 Qxb8+ 61. Nxb8 Kxe3 62. b4 f5 63. Nd7 Kd4 64. b5 f4 65. Ne5
1-0

[Event "Bundesliga 9900"]
[Site "Deutschland"]
[Date "2000.03.13"]
[Round "13.8"]
[White "Nijboer, Friso"]
[Black "Thiede, Lars"]
[Result "1-0"]
[WhiteElo "2555"]
[BlackElo "2385"]
[PlyCount "95"]
[EventDate "1999.10.09"]
[EventType "team"]
[EventRounds "15"]
[EventCountry "GER"]
[SourceTitle "Bundesliga 9900"]
[Source "DeepChess"]
[SourceDate "2005.01.01"]
[SourceVersion "1"]
[SourceVersionDate "2005.01.01"]
[SourceQuality "1"]
[WhiteTeam "SG Porz e.V."]
[BlackTeam "SF Neukoelln 03 e.V."]
[WhiteTeamCountry "GER"]
[BlackTeamCountry "GER"]

1. e4 g6 2. d4 Bg7 3. Nf3 d6 4. Bd3 Nf6 5. O-O O-O 6. c3 c5 7. h3 Nc6 8. d5 Na5
9. Bf4 b5 10. Nbd2 Rb8 11. a3 Nc4 12. Rb1 a5 13. Re1 Nxd2 14. Qxd2 b4 15. axb4
axb4 16. c4 Nd7 17. h4 Qc7 18. h5 Ra8 19. Bh6 Ra6 20. Re2 Ne5 21. Nxe5 Bxh6 22.
Qxh6 dxe5 23. f3 gxh5 24. Qxh5 f6 25. Rf1 Rf7 26. f4 Bd7 27. Qh6 Rg7 28. f5 Be8
29. Rf3 Ra1+ 30. Kh2 Ba4 31. Ree3 Qd8 32. Rg3 Qf8 33. Be2 Be8 34. Ref3 Qf7 35.
Rh3 Rg5 36. Rfg3 Qg7 37. Rxg5 fxg5 38. Qe6+ Kh8 39. Qc8 Qg8 40. Qxc5 Qf8 41.
Bg4 b3 42. Qb4 Rf1 43. Qb8 Kg8 44. Qxe5 Rf4 45. Rg3 Qh6+ 46. Bh3 Kf8 47. Qh8+
Kf7 48. e5 1-0

[Event "Bundesliga 9900"]
[Site "Deutschland"]
[Date "2000.03.13"]
[Round "13.1"]
[White "Rozentalis, Eduardas"]
[Black "Schlosser, Philipp"]
[Result "1-0"]
[WhiteElo "2553"]
[BlackElo "2505"]
[PlyCount "66"]
[EventDate "1999.10.09"]
[EventType "team"]
[EventRounds "15"]
[EventCountry "GER"]
[SourceTitle "Bundesliga 9900"]
[Source "DeepChess"]
[SourceDate "2005.01.01"]
[SourceVersion "1"]
[SourceVersionDate "2005.01.01"]
[SourceQuality "1"]
[WhiteTeam "SV Castrop Rauxel 1923"]
[BlackTeam "SK Passau 1869"]
[WhiteTeamCountry "GER"]
[BlackTeamCountry "GER"]

1. e4 c5 2. Nf3 e6 3. c3 d5 4. exd5 Qxd5 5. d4 Nf6 6. Be3 cxd4 7. cxd4 Nc6 8.
Nc3 Qd6 9. a3 Be7 10. Bd3 O-O 11. Qc2 h6 12. O-O Rd8 13. Rad1 Bd7 14. Qc1 Nd5
15. Nb5 Qb8 16. Bxh6 gxh6 17. Qxh6 f5 18. Qg6+ Kh8 19. Bc4 Qf4 20. Bxd5 exd5
21. Rd3 Qg4 22. Ng5 Bxg5 23. Rh3+ Qxh3 24. gxh3 Rg8 25. Qh5+ Bh6+ 26. Kh1 Kh7
27. Nd6 Rg5 28. Qh4 Rag8 29. Nf7 R5g6 30. f4 Nxd4 31. Qe7 Bxf4 32. Ne5+ R6g7
33. Qh4+ Bh6 1-0

[Event "Bundesliga 9900"]
[Site "Deutschland"]
[Date "2000.03.13"]
[Round "13.3"]
[White "King, Daniel J"]
[Black "Smejkal, Jan"]
[Result "1/2-1/2"]
[WhiteElo "2514"]
[BlackElo "2526"]
[PlyCount "95"]
[EventDate "1999.10.09"]
[EventType "team"]
[EventRounds "15"]
[EventCountry "GER"]
[SourceTitle "Bundesliga 9900"]
[Source "DeepChess"]
[SourceDate "2005.01.01"]
[SourceVersion "1"]
[SourceVersionDate "2005.01.01"]
[SourceQuality "1"]
[WhiteTeam "SV Castrop Rauxel 1923"]
[BlackTeam "SK Passau 1869"]
[WhiteTeamCountry "GER"]
[BlackTeamCountry "GER"]

1. e4 e5 2. Nf3 Nc6 3. Bb5 a6 4. Ba4 Nf6 5. O-O Be7 6. Re1 b5 7. Bb3 d6 8. c3
O-O 9. d4 Bg4 10. d5 Na5 11. Bc2 Qc8 12. h3 Bd7 13. Nbd2 c6 14. dxc6 Qxc6 15.
Nf1 Nc4 16. Ng3 Rfe8 17. b3 Nb6 18. Bd2 Rac8 19. Rc1 g6 20. Bd3 Bf8 21. Bg5 Bg7
22. Qd2 Qc7 23. c4 bxc4 24. Bxc4 Nxc4 25. Rxc4 Qb8 26. Rb4 Qc7 27. Rd1 Be6 28.
Ra4 d5 29. Bxf6 Bxf6 30. exd5 Bxd5 31. Rxa6 Red8 32. Qe3 Bg7 33. Ra7 Qb8 34.
Ra5 Qb7 35. Nxe5 Bxg2 36. Rxd8+ Rxd8 37. Ra7 Qd5 38. Nxf7 Bxh3 39. Ne4 Bf5 40.
Nh6+ Kh8 41. Nf7+ Kg8 42. Nh6+ Kh8 43. Nd6 Bxh6 44. Qxh6 Qd1+ 45. Kg2 Qd5+ 46.
Kg1 Qd1+ 47. Kg2 Qd5+ 48. Kg1 1/2-1/2

[Event "Bundesliga 9900"]
[Site "Deutschland"]
[Date "2000.03.13"]
[Round "13.4"]
[White "Enders, Peter"]
[Black "Gallagher, Joseph G"]
[Result "0-1"]
[WhiteElo "2478"]
[BlackElo "2558"]
[PlyCount "84"]
[EventDate "1999.10.09"]
[EventType "team"]
[EventRounds "15"]
[EventCountry "GER"]
[SourceTitle "Bundesliga 9900"]
[Source "DeepChess"]
[SourceDate "2005.01.01"]
[SourceVersion "1"]
[SourceVersionDate "2005.01.01"]
[SourceQuality "1"]
[WhiteTeam "SK Passau 1869"]
[BlackTeam "SV Castrop Rauxel 1923"]
[WhiteTeamCountry "GER"]
[BlackTeamCountry "GER"]

1. e4 c5 2. Nf3 e6 3. d4 cxd4 4. Nxd4 a6 5. Nc3 b5 6. Bd3 Qb6 7. Nb3 Qc7 8. Qf3
Bb7 9. Bf4 d6 10. O-O-O b4 11. Ne2 Nd7 12. Kb1 Ngf6 13. c3 Ne5 14. Bxe5 dxe5
15. cxb4 Bxb4 16. Qe3 O-O 17. Rc1 Qd6 18. f3 a5 19. Rhd1 a4 20. Nc5 Qb6 21. Qg1
Rfb8 22. Rc2 Bc6 23. Ka1 Ra5 24. Na6 Rxa6 25. Bxa6 Qxa6 26. a3 Bf8 27. Nc3 Nd7
28. Na2 Qb5 29. Qf1 Qxf1 30. Rxf1 Nc5 31. Rd1 Bb5 32. Nc1 f6 33. Rc3 Kf7 34.
Rd2 Ba6 35. Ka2 Be7 36. Rdc2 Rb5 37. Rc4 f5 38. Ne2 Rb6 39. Rb4 Rxb4 40. axb4
Nd3 41. Rd2 fxe4 42. fxe4 Bg5 0-1

[Event "Bundesliga 9900"]
[Site "Deutschland"]
[Date "2000.03.13"]
[Round "13.5"]
[White "Hoffmann, Michael"]
[Black "Stangl, Markus"]
[Result "1-0"]
[WhiteElo "2452"]
[BlackElo "2488"]
[PlyCount "99"]
[EventDate "1999.10.09"]
[EventType "team"]
[EventRounds "15"]
[EventCountry "GER"]
[SourceTitle "Bundesliga 9900"]
[Source "DeepChess"]
[SourceDate "2005.01.01"]
[SourceVersion "1"]
[SourceVersionDate "2005.01.01"]
[SourceQuality "1"]
[WhiteTeam "SV Castrop Rauxel 1923"]
[BlackTeam "SK Passau 1869"]
[WhiteTeamCountry "GER"]
[BlackTeamCountry "GER"]

1. e4 c5 2. Nf3 d6 3. d4 cxd4 4. Nxd4 Nf6 5. Nc3 a6 6. Be2 g6 7. Be3 Bg7 8. Qd2
O-O 9. O-O-O Nc6 10. Nxc6 bxc6 11. e5 Nd5 12. Nxd5 cxd5 13. exd6 Rb8 14. c3 e6
15. Bh6 Qxd6 16. Bxg7 Kxg7 17. h4 h6 18. f4 f6 19. g4 Bd7 20. Bd3 Rb7 21. g5
fxg5 22. fxg5 Qf4 23. Qxf4 Rxf4 24. Rdf1 Rxf1+ 25. Rxf1 Bb5 26. Bxb5 axb5 27.
Rf6 Rb6 28. Kc2 Rc6 29. Kb3 h5 30. Kb4 Rc4+ 31. Kxb5 Rxh4 32. Rxe6 Rh2 33. b4
Rxa2 34. Kc5 Rc2 35. Re7+ Kf8 36. Re3 Rg2 37. Kxd5 Rxg5+ 38. Kc6 h4 39. c4 Rg3
40. Re1 h3 41. b5 g5 42. Rb1 g4 43. b6 Re3 44. b7 Re8 45. Rf1+ Kg7 46. Rg1 Rh8
47. Rxg4+ Kf6 48. Rg1 Ke5 49. Rd1 h2 50. c5 1-0

[Event "Bundesliga 9900"]
[Site "Deutschland"]
[Date "2000.03.13"]
[Round "13.6"]
[White "Klebel, Martin"]
[Black "Watson, William N"]
[Result "1/2-1/2"]
[WhiteElo "2402"]
[BlackElo "2535"]
[PlyCount "69"]
[EventDate "1999.10.09"]
[EventType "team"]
[EventRounds "15"]
[EventCountry "GER"]
[SourceTitle "Bundesliga 9900"]
[Source "DeepChess"]
[SourceDate "2005.01.01"]
[SourceVersion "1"]
[SourceVersionDate "2005.01.01"]
[SourceQuality "1"]
[WhiteTeam "SK Passau 1869"]
[BlackTeam "SV Castrop Rauxel 1923"]
[WhiteTeamCountry "GER"]
[BlackTeamCountry "GER"]

1. d4 d6 2. c4 e5 3. Nc3 exd4 4. Qxd4 Nf6 5. g3 Nc6 6. Qd2 Be6 7. Nd5 Ne5 8. b3
Ne4 9. Qe3 f5 10. f3 Nc5 11. Bb2 c6 12. Nf4 Bf7 13. Nd3 Ncxd3+ 14. exd3 Be7 15.
d4 Ng6 16. f4 O-O 17. Kf2 Re8 18. Qd2 Nf8 19. Nf3 Nd7 20. Bd3 g6 21. Rhe1 Nf6
22. Kg2 Ne4 23. Qc2 d5 24. Ne5 Be6 25. c5 Rf8 26. Re2 g5 27. Rf1 Qe8 28. fxg5
Qh5 29. Bc1 f4 30. Rxf4 Bxg5 31. Bxe4 dxe4 32. Rxf8+ Rxf8 33. Kg1 Bxc1 34. Qxc1
Qxe2 35. Qg5+ 1/2-1/2

[Event "Bundesliga 9900"]
[Site "Deutschland"]
[Date "2000.03.13"]
[Round "13.7"]
[White "Dinstuhl, Volkmar"]
[Black "Renner, Christoph"]
[Result "1-0"]
[WhiteElo "2406"]
[BlackElo "2442"]
[PlyCount "73"]
[EventDate "1999.10.09"]
[EventType "team"]
[EventRounds "15"]
[EventCountry "GER"]
[SourceTitle "Bundesliga 9900"]
[Source "DeepChess"]
[SourceDate "2005.01.01"]
[SourceVersion "1"]
[SourceVersionDate "2005.01.01"]
[SourceQuality "1"]
[WhiteTeam "SV Castrop Rauxel 1923"]
[BlackTeam "SK Passau 1869"]
[WhiteTeamCountry "GER"]
[BlackTeamCountry "GER"]

1. d4 f5 2. c4 Nf6 3. g3 g6 4. Nf3 Bg7 5. b4 d6 6. Bb2 O-O 7. Bg2 e5 8. dxe5
Ng4 9. h3 Nxe5 10. Qd5+ Kh8 11. Nxe5 dxe5 12. Bxe5 Qe7 13. Bc3 Nc6 14. Qd2 Be6
15. O-O Bxc4 16. Rc1 Rad8 17. Bxg7+ Qxg7 18. Qc3 Bxe2 19. Qxg7+ Kxg7 20. Nc3
Nd4 21. Bxb7 Rb8 22. Bg2 Rxb4 23. Nd5 Rc4 24. Nxc7 Rc8 25. Rxc4 Bxc4 26. Nd5
Rc5 27. Rd1 Ne2+ 28. Kh2 Bxa2 29. Nb4 Be6 30. Rd6 Bc8 31. Nc6 a5 32. Rd8 Be6
33. Ra8 f4 34. Rxa5 fxg3+ 35. fxg3 Rc3 36. Re5 Rxg3 37. Rxe2 1-0

[Event "Bundesliga 9900"]
[Site "Deutschland"]
[Date "2000.03.13"]
[Round "13.8"]
[White "Gross, David2"]
[Black "Brendel, Oliver"]
[Result "1-0"]
[WhiteElo "2465"]
[BlackElo "2398"]
[PlyCount "73"]
[EventDate "1999.10.09"]
[EventType "team"]
[EventRounds "15"]
[EventCountry "GER"]
[SourceTitle "Bundesliga 9900"]
[Source "DeepChess"]
[SourceDate "2005.01.01"]
[SourceVersion "1"]
[SourceVersionDate "2005.01.01"]
[SourceQuality "1"]
[WhiteTeam "SK Passau 1869"]
[BlackTeam "SV Castrop Rauxel 1923"]
[WhiteTeamCountry "GER"]
[BlackTeamCountry "GER"]

1. e4 c5 2. Nf3 g6 3. d4 cxd4 4. Nxd4 Nc6 5. c4 Nf6 6. Nc3 Nxd4 7. Qxd4 d6 8.
Be2 Bg7 9. Be3 O-O 10. Qd2 Be6 11. Rc1 Qa5 12. f3 Rfc8 13. b3 a6 14. Na4 Qxd2+
15. Kxd2 Nd7 16. g4 f5 17. exf5 gxf5 18. h3 Rf8 19. f4 Rad8 20. g5 Nc5 21. Nc3
Ne4+ 22. Nxe4 fxe4 23. Bg4 Bf5 24. Bb6 Rde8 25. Rhf1 e5 26. Bxf5 Rxf5 27. fxe5
Rfxe5 28. h4 h6 29. gxh6 Bxh6+ 30. Be3 Rh5 31. Bxh6 Rxh6 32. Rf4 e3+ 33. Kd3
Rg6 34. Re1 Rg3 35. Re4 Rxe4 36. Kxe4 Rg4+ 37. Kd5 1-0